Afilace a pobočky nejen v námořní dopravě

Agenti pôsobiaci v námornej doprave i nekorporačných podnikoch a ich služby pre námorné lode v prístavoch. Ide predovšetkým o činnosti ako nakládky a vykládky tovaru, opravy a dokovanie.

Salvato in:
Dettagli Bibliografici
Natura: Capitolo di libro
Lingua:ceco
Soggetti:
Tags: Aggiungi Tag
Nessun Tag, puoi essere il primo ad aggiungerne!!

MARC

LEADER 00000naa a2200000 4500
001 0279295
005 20211029103513.5
041 0 |a cze 
044 |a CZ 
245 1 0 |a Afilace a pobočky nejen v námořní dopravě 
520 |a Agenti pôsobiaci v námornej doprave i nekorporačných podnikoch a ich služby pre námorné lode v prístavoch. Ide predovšetkým o činnosti ako nakládky a vykládky tovaru, opravy a dokovanie. 
610 2 0 |a logistika 
610 2 0 |a doprava námorná 
610 2 0 |a služby dopravné 
610 2 0 |a organizácia